History of Western philosophy and its connection with political and social circumstances from the earliest times to the present day

Saved in:
Bibliographic Details
Main Author: Russell, Bertrand, 1872-1970
Format: Book
Language:English
Published: London : George Allen and Unwin ltd, [1957]
Subjects:
Tags: Add Tag
No Tags, Be the first to tag this record!

MARC

LEADER 00000cam a2200000 i 4500
001 1/31187
008 060616s1957 eng d
035 |l 10084341 
040 |a GR-MY-UA  |b gre  |e aacr 
041 0 |a eng 
082 0 |a 190.9  |2 (22) 
100 1 |a Russell, Bertrand,   |d 1872-1970. 
245 1 0 |a History of Western philosophy and its connection with political and social circumstances from the earliest times to the present day /  |c Bertrand Russell 
260 |a London :   |b George Allen and Unwin ltd,   |c [1957] 
300 |a 916 σ.;  |c 23 εκ. 
500 |a 6η ανατύπωση 
650 0 0 |a Philosophy  |x History. 
852 |a INST  |b RHODES  |c KRI  |e 20060616  |h  190.9 RUS  |p 005400024761  |q 005400024761  |t BK  |y 0 
901 |a BIBL4-2006-2 
909 |a Ρ  |b 126526 
970 |a ΚΟΖΑ  |b ΜΑΡΙΑ  |z 2006/06/16